| 000 | 00421nam a2200157Ia 4500 | ||
|---|---|---|---|
| 008 | 100122s9999 xx 000 0 und d | ||
| 082 |
_b66762 _a823.08 |
||
| 100 | _aWILDER LAURA INGALLS | ||
| 245 | _aLITTLE HOUSE ON THE PRAIRIE - 3 | ||
| 250 | _a1 | ||
| 260 |
_bHARPER COLLINS PUB _c2004 |
||
| 300 | _a335 | ||
| 630 | _aLITTLE HOUSE ON THE PRAIRIE - 3 | ||
| 730 | _aLITTLE HOUSE ON THE PRAIRIE - 3 | ||
| 942 | _cBOOK | ||
| 999 |
_c380627 _d380624 |
||